<?xml version="1.0" encoding="UTF-8"?>
<marc:record xmlns:marc="http://www.loc.gov/MARC21/slim">
   <marc:leader>00000nam a2200000 a 4500</marc:leader>
   <marc:datafield ind1=" " ind2=" " tag="653">
      <marc:subfield code="a">Bilderbuch</marc:subfield>
   </marc:datafield>
   <marc:datafield ind1=" " ind2=" " tag="653">
      <marc:subfield code="a">Reinlichkeit</marc:subfield>
   </marc:datafield>
   <marc:datafield ind1="0" ind2="0" tag="245">
      <marc:subfield code="a">Der dreckige Prinz</marc:subfield>
   </marc:datafield>
   <marc:datafield ind1="0" ind2="0" tag="245">
      <marc:subfield code="b">[eine saubere Geschichte]</marc:subfield>
   </marc:datafield>
   <marc:datafield ind1=" " ind2="1" tag="264">
      <marc:subfield code="a">Stuttgart, Wien</marc:subfield>
      <marc:subfield code="b">Thienemann</marc:subfield>
      <marc:subfield code="c">1997</marc:subfield>
   </marc:datafield>
   <marc:datafield ind1="1" ind2=" " tag="520">
      <marc:subfield code="a">Der kleine Königssohn führt ganz und gar kein märchenhaftes Leben. Alle seine Versuche, selbständig, kreativ und couragiert seine Fähigkeiten zu erproben, seine Kräfte zu messen und seinen Platz im Leben zu erobern, werden von der Königin unterbunden, weil er sich dabei schmutzig macht. Eine solche Erziehung bleibt natürlich nicht ohne Folgen: der massiv in seiner natürlichen Entwicklung behinderte Prinz wird zu einem distanzierten, kleinlichen König, der mit dem eigenen Waschzwang auch seine Untertanen terrorisiert und sich nur in seinen Träumen lustvoll angeekelt im Dreck rekelt. Die surrealistischen Bilder illustrieren und vertiefen beeindruckend die hintergründige Geschichte einer fehlgesteuerten Sozialisation. Ein aussergewöhnliches Bilderbuch, das viele Bibliotheken anbieten sollten, auch für Eltern!</marc:subfield>
   </marc:datafield>
   <marc:datafield ind1="3" ind2=" " tag="024">
      <marc:subfield code="a">3522432320</marc:subfield>
   </marc:datafield>
   <marc:datafield ind1=" " ind2=" " tag="041">
      <marc:subfield code="a">ger</marc:subfield>
   </marc:datafield>
   <marc:datafield ind1=" " ind2=" " tag="338">
      <marc:subfield code="a">Band</marc:subfield>
   </marc:datafield>
</marc:record>
